De la vida de un ocioso

Αποθηκεύτηκε σε:
Λεπτομέρειες βιβλιογραφικής εγγραφής
Κύριος συγγραφέας: Eichendorff, Joseph von (Συγγραφέας)
Μορφή: Βιβλίο
Γλώσσα:Ισπανικά
Έκδοση: Santiago Zig-Zag 1969
Έκδοση:1a. ed
Θέματα:
Ετικέτες: Προσθήκη ετικέτας
Δεν υπάρχουν, Καταχωρήστε ετικέτα πρώτοι!

MARC

LEADER 00000nam a2200000 a 4500
001 UCH0307
003 CL-VaPUC
008 090306e19690000CL |||||||||||||||||spa|d
082 0 4 |a 833  |b EIC  |2 21 
100 0 |a Eichendorff, Joseph von  |e author  |9 534496 
245 1 0 |a De la vida de un ocioso 
250 |a 1a. ed 
300 |a 122 p 
942 |c BK 
945 |d 20090306 00:00:00  |a cmena 
260 |a Santiago  |b Zig-Zag  |c 1969 
650 0 |a Novelas alemanas   |9 265783 
650 0 |a Literatura alemana   |9 265457 
583 |a last modification  |c 20090306 00:00:00  |k Rodrigo Vera 
999 |c 332641  |d 332639 
952 |0 0  |1 0  |4 0  |6 833_000000000000000_EIC_1969  |7 0  |8 A  |9 420493  |a BIBEDU  |b BIBEDU  |d 2019-11-22  |i 4519981  |o 833 EIC 1969  |p 4519981  |r 2019-11-22  |w 2019-11-22  |y BK  |k LIT